Statistiken für Europäische Länder, die nicht in der EU sind

Klicken Sie hier um das Quiz zu spielen!

Allgemein

  • Dieses Quiz wurde 274 mal gespielt
  • Das Durchschnittsergebnis liegt bei 17 aus 21

Antwortstatistiken

Antwort% Korrekt
Schweiz
94%
Albanien
90%
Russland
90%
Vereinigtes Königreich
90%
Serbien
89%
Andorra
88%
Ukraine
88%
Belarus
87%
Kosovo
87%
Liechtenstein
87%
San Marino
86%
Norwegen
85%
Vatikanstadt
85%
Monaco
84%
Nordmazedonien
84%
Bosnien und Herzegowina
82%
Montenegro
80%
Türkei
76%
Island
71%
Moldau
55%
Kasachstan
19%

Verteilung der Resultate

Perzentil nach korrekt beantworteten Fragen

Anzahl Personen mit jedem Resultat

Ihre Resultats-Entwicklung

Sie haben dieses Quiz noch nicht gespielt